Hedges for resource-poor land users in developing countries

Bibliographic Details
Main Author: KUSHELMEISTER
Format: Book
Published: Eschborn : German Agency for Technical Cooperation , 1989
Subjects:

MARC

LEADER 00000cam a2200000 7i4500
001 0000002472
005 20030626.0
090 0 0 |a 577.555   |b KUS 1989 
100 1 0 |a KUSHELMEISTER   |h Guido 
245 1 0 |a Hedges for resource-poor land users in developing countries   |c Guido Kuchelmeister 
260 0 0 |a Eschborn :   |b German Agency for Technical Cooperation ,   |c 1989 
300 |a xiv, 256 p. :   |b ill. ;   |c 30 cm. 
500 0 0 |a Bibliography : p. 242-256 
650 0 0 |a Hedgerow ecology 
998 |a JPSM 
999 |a 0000004000   |b Monograph   |c Open Shelf   |e Default branch